Classical era Composers - Statistics

General Stats
  • This quiz has been taken 58 times
  • The average score is 6 of 15
Answer Stats
Hint Answer % Correct
Germany L. Mozart
100%
Austria W. Mozart
100%
Germany Beethoven
97%
Austria J. Haydn
68%
Austria M. Haydn
68%
Germany C.P.E. Bach
66%
Germany J.C. Bach
66%
Italy Salieri
24%
Italy Boccerini
16%
Italy Clementi
16%
Austria Gluck
13%
Austria Albrechtsberger
0%
Austria Dittersdorf
0%
Germany Schobert
0%
Austria Wagenseil
0%
No matching quizzes found
Score Distribution
Percent of People with Each Score
Percentile by Number Answered
Your Score History
You have not taken this quiz